|
|
|
|
| LEADER |
00000nab a2200000 a 4500 |
| 001 |
vtls010088412 |
| 003 |
SK-MaSNL |
| 005 |
20260304155536.0 |
| 008 |
250507c2009 xo |r|p|||||||000 b|slo |
| 015 |
|
|
|a SNBRB2010/04
|2 snkbucl
|
| 035 |
|
|
|a (uuid)759b6a93-3c27-4da7-87f2-1e3ea21b4a1b
|
| 035 |
|
|
|a urn:nbn:sk:snk-abc5vc
|
| 035 |
|
|
|a (urnnbn)urn:nbn:sk:snk:ar-0000rr
|
| 038 |
|
|
|a SNKBUCL
|
| 040 |
|
|
|a SNKBUCL
|b slo
|c SNKBUCL
|e AACR2
|
| 041 |
1 |
|
|a slo
|h mac
|
| 044 |
|
|
|a xo
|c SK
|
| 080 |
|
|
|a 821.163.3-1
|2 2001
|
| 100 |
1 |
|
|a Djuzel, Bogomil,
|d 1939-
|4 aut
|9 1082969
|
| 245 |
1 |
0 |
|a [Básne]
|c Bogomil Djuzel ; preložil Miroslav Dudok
|
| 500 |
|
|
|a Blok obsahuje 3 básne
|
| 500 |
|
|
|a Poznámky
|
| 650 |
0 |
7 |
|a macedónska poézia
|2 snkbucl
|9 100732
|
| 740 |
0 |
2 |
|a Homér, rukojemník
|
| 740 |
0 |
2 |
|a Obetný náramok
|
| 740 |
0 |
2 |
|a Zápisník
|
| 773 |
0 |
|
|t Romboid+
|g Roč. XLIV-XLV, (2009-2010), s. 53-54
|x 0231-6714
|
| 850 |
|
|
|a Slovenská národná knižnica
|
| 852 |
|
|
|a Slovenská národná knižnica
|
| 958 |
|
|
|a article15
|
| 958 |
|
|
|a OND
|
| 958 |
|
|
|a LX
|
| 958 |
|
|
|a MK
|
| 958 |
|
|
|a EUIPO
|
| 999 |
|
|
|c 2962960
|d 2964890
|